000 00610nam a2200181 a 4500
001 000016485
005 20200929164923.0
008 100305s1992 dr a 000 0 spa d
040 _aDO-SdBNP
_bspa
_cBNPHU
082 _a372.357
_bH557o
100 1 _aHernández, Ana Jesús
_934589
245 1 0 _aOrientaciones para la enseñanza-aprendizaje de las ciencias de la naturaleza /
_cAna Jesús Hernández.
260 _aSanto Domingo :
_bCentro Poveda,
_c1992.
300 _a102 p. :
_bil. ;
_c28 cm.
650 4 _aCiencias naturales
_xEnseñanza
_925754
650 4 _aTécnicas de enseñanza
_917690
049 _aBNPD
999 _c16020
_d16020